Transformácia podnikov smerom k smart manufacturing

Digitálna transformácia prináša revolučné zmeny nielen vo výrobných procesoch, ale ovplyvňuje aj fungovanie samotnej firmy so zámerom digitalizácie a vytvorenia inteligentnej továrne. Digitálna transformácia v dnešnej dobe dynamizuje hlavne riadenie výroby a maximálne ho optimalizuje, čím spochybňuj...

Descrizione completa

Salvato in:
Dettagli Bibliografici
Autore principale: Richnák, Patrik, 1988-
Natura: Capitolo di libro
Lingua:slovacco
Soggetti:
Tags: Aggiungi Tag
Nessun Tag, puoi essere il primo ad aggiungerne!!

MARC

LEADER 00000naa$a2200000$$$4500
001 0289948
005 20240521095554.4
041 0 |a slo 
044 |a SK 
245 1 0 |a Transformácia podnikov smerom k smart manufacturing  |c Patrik Richnák 
520 |a Digitálna transformácia prináša revolučné zmeny nielen vo výrobných procesoch, ale ovplyvňuje aj fungovanie samotnej firmy so zámerom digitalizácie a vytvorenia inteligentnej továrne. Digitálna transformácia v dnešnej dobe dynamizuje hlavne riadenie výroby a maximálne ho optimalizuje, čím spochybňuje tradičný výrobný systém v podobe inteligentnej výroby, ktorá predstavuje využitie nových progresívnych technológií na zvýšenie efektívnosti tradičných výrobných procesov, čím sa vytvára agilná a produktívna výrobná základňa spoločnosti. Hlavným cieľom príspevku bolo identifikovať a vysvetliť pojmy súvisiace s novou generáciou výroby – inteligentnou výrobou, na základe poznatkovej bázy, ktorá zahŕňala komparatívnu analýzu zahraničných časopisov, a následne interpretovať výsledky kvantitatívneho výskumu na túto tému. 
610 2 0 |a priemysel 4.0 
610 2 0 |a digitalizácia 
610 2 0 |a výroba 
100 1 |a Richnák, Patrik, 1988-